00357nam a22001097a 4500082000800000100002000008245008800028260003700116300002100153650004400174700002900218 a004 aHussain, Fatima aDiagnosis of Sciatica based on Cross Sectional Study and Analysis /cFatima Hussain aIslamabad :bCEME - NUST,c2016. aVar. p. ;c30cm. aComputer Software Engineering-MS-Thesis aDr. Muhammad Usman Akram